Library Banner

Jadeed yuga =جدید یوگا / (Record no. 128223)

MARC details
000 -LEADER
fixed length control field 00427nam a22001457a 4500
005 - DATE AND TIME OF LATEST TRANSACTION
control field 20220905120632.0
008 - FIXED-LENGTH DATA ELEMENTS--GENERAL INFORMATION
fixed length control field 220905b ||||| |||| 00| 0 eng d
040 ## - CATALOGING SOURCE
Transcribing agency PK-LaUMT
082 ## - DEWEY DECIMAL CLASSIFICATION NUMBER
Classification number APC 291.436
Item number IMT-J
100 ## - MAIN ENTRY--PERSONAL NAME
Personal name Imtiaz Ali = امتیاز علی
245 ## - TITLE STATEMENT
Title Jadeed yuga =جدید یوگا /
Statement of responsibility, etc by Imtiaz Ali = امتیاز علی
260 ## - PUBLICATION, DISTRIBUTION, ETC. (IMPRINT)
Place of publication, distribution, etc Lahore :
Name of publisher, distributor, etc Sabiri Darul Kutab,
Date of publication, distribution, etc NA
300 ## - PHYSICAL DESCRIPTION
Extent 163 p.
942 ## - ADDED ENTRY ELEMENTS (KOHA)
Koha item type Books
Holdings
Withdrawn status Lost status Damaged status Home library Current library Date acquired Full call number Barcode Date last seen Price effective from Koha item type
      UMT Main Campus UMT Main Campus 2022-09-05 APC 291.436 IMT-J 143838 2022-09-05 2022-09-05 Books